Los derechos humanos y la violencia Estado, instituciones y sociedad civil /

Detalles Bibliográficos
Autor principal: Ansolabehere, Karina
Otros Autores: Serrano, Sandra, Vz̀quez, Luis Daniel
Formato: eBook
Lenguaje:español
Publicado: Bogot:̀ Universidad de Los Andes (Colombia), 2015
Materias:
Acceso en línea:Acceso restringido

MARC

LEADER 00000nam a22000007a 4500
005 2019051408068.0
007 cr|||| ||||
008 190514s2015 co |||||s|||| 00||0 spa d
020 |a 978-958-774-188-9 
035 |a 23363 
040 |a vLex 
090 |c 8696  |d 8696 
100 1 |a Ansolabehere, Karina 
245 1 3 |a Los derechos humanos y la violencia  |h [Recurso electrn̤ico] :  |b Estado, instituciones y sociedad civil /  |c Karina Ansolabehere, Sandra Serrano, Luis Daniel Vz̀quez 
256 |a Servicio en ln̕ea 
260 |a Bogot:̀  |b Universidad de Los Andes (Colombia),  |c 2015 
300 |a 1 recurso electrn̤ico 
500 |a Los conflictos armados son una forma de violencia, pero no la n︢ica. La violencia puede ser visible o invisible, abierta o solapada, directa o estructural. ¿Un contexto de marginacin̤ generalizada es una forma de violencia? Por supuesto aunque sea visible y estructural. As ̕mismo, los derechos humanos pueden ser analizados como normas, pero tambiň como prc̀ticas o conflictos sociales, o como prc̀ticas o conflictos sociales, o como demandas polt̕icas. A medida que se hacen ms̀ complejas las ideas de violencia y de derechos humanos, la relacin̤ “a ms̀ violencia ms̀ violaciones a derechos” ya no es la n︢ica posible, ni unv̕oca, ni unidireccional. De forma interesante, la violencia tambiň detona procesos polt̕icos y sociales. Por ejemplo, el incremento de la represin̤ en contra de defensores de derechos humanos reconfigura sus marcos interpretativos y de seguridad; y si la violencia aumenta, genera respuestas de polt̕ica pb︢lica, o nueva jurisprudencia para enfrentarla. Uno de los aportes de este libro son las distintas conceptualizaciones de violencia y derechos humanos, de la relacin̤ entre estos m̀bitos y las estrategias metodolg̤icas para encararlas. 
506 1 |a Disponible solo en los productos indicados  |d vLex Global  |d vLex Global (Academic Edition, excluding Law Schools)  |d vLex Global (U.S. Academic Edition, Law Schools)  |d vLex Global (U.S. Academic Edition, excluding Law Schools)  |d vLex Global (Academic Edition, Law Schools) 
650 0 4 |a Derecho Constitucional  |z Colombia 
700 1 |a Serrano, Sandra 
700 1 |a Vz̀quez, Luis Daniel 
740 0 |a vLex Libros (Servicio en ln̕ea) 
856 4 0 |u http://vlex.com/source/derechos-humanos-y-la-violencia-estado-instituciones-y-sociedad-civil-23363  |z Acceso restringido 
942 |c BOOK 
999 0 |a Constitutional right